Operations Management Decision Making in the Operations Function

Salvato in:
Dettagli Bibliografici
Autore principale: Schroeder, Roger G.
Natura: Libro
Lingua:inglese
Pubblicazione: New York MacGraw-Hill 1989
Edizione:3. ed.
Soggetti:
Tags: Aggiungi Tag
Nessun Tag, puoi essere il primo ad aggiungerne!!

MARC

LEADER 00000nam a2200000 4500
001 c012112
005 20221215114244.9
020 |a 0-07-055618-0 
041 0 |a eng 
044 |a US 
245 1 0 |a Operations Management  |b Decision Making in the Operations Function  |c Roger G. Schroeder 
250 |a 3. ed. 
264 1 |a New York  |b MacGraw-Hill  |c 1989 
300 |a 794 s. 
610 2 0 |a manažment 
610 2 0 |a prevádzky 
610 2 0 |a spotrebitelia 
610 2 0 |a riadenie podnikové 
610 2 0 |a dopyt 
100 1 |a Schroeder, Roger G.